Fyzioterapie jako řešení zdravotních následků mikrointoxikace osob
Príspevok diskutuje možnosti zlepšenia životného štandardu ľuďom nedobrovoľne postihnutých nelegálnou výrobou psychoaktívnych látok.
Guardado en:
| Autor principal: | |
|---|---|
| Formato: | Capítulo de libro |
| Lenguaje: | checo |
| Materias: | |
| Etiquetas: |
Sin Etiquetas, Sea el primero en etiquetar este registro!
|
MARC
| LEADER | 00000naa a2200000 4500 | ||
|---|---|---|---|
| 001 | 0308661 | ||
| 005 | 20250520123745.3 | ||
| 041 | 0 | |a cze | |
| 044 | |a CZ | ||
| 245 | 1 | 0 | |a Fyzioterapie jako řešení zdravotních následků mikrointoxikace osob |c Jiří Straus |
| 520 | |a Príspevok diskutuje možnosti zlepšenia životného štandardu ľuďom nedobrovoľne postihnutých nelegálnou výrobou psychoaktívnych látok. | ||
| 610 | 2 | 0 | |a fyzioterapia |
| 610 | 2 | 0 | |a drogy |
| 610 | 2 | 0 | |a kriminalita |
| 610 | 2 | 0 | |a ochrana zdravia |
| 610 | 2 | 0 | |a látky chemické |
| 100 | 1 | |a Straus, Jiří | |